[Event "RB-2015-0-00285"]
[Site "LSS email"]
[Date "2015.07.25"]
[Round "?"]
[White "De Waele, Willy"]
[Black "Ederer, Karel"]
[Result "0-1"]
[WhiteElo "2080"]
[BlackElo "1990"]
[PlyCount "52"]
[EventDate "2015.06.10"]
[EventType "tourn (corr)"]
[EventRounds "6"]
[EventCountry "GER"]
[SourceTitle "Corr 2022"]
[Source "ChessBase"]
[SourceDate "2021.10.24"]
[SourceVersion "1"]
[SourceVersionDate "2021.10.24"]
[SourceQuality "1"]

1. e4 e5 2. Nf3 Nc6 3. Bb5 a6 4. Ba4 Nf6 5. 0-0 Be7 6. Re1 b5 7. Bb3 d6 8. c3 0-0 9. h3 Bb7 10. d4 Re8 11. Nbd2 Bf8 12. a4 h6 13. Bc2 exd4 14. cxd4 Nb4 15. Bb1 c5 16. d5 Nd7 17. Ra3 Nb6 18. a5 Nd7 19. Nh2 Qe7 20. Rae3 Qd8 21. Rg3 Nf6 22. Ndf1 g6 23. Bd2 Bg7 24. Qc1 Qxa5 25. Ra3 Qd8 26. Bxh6 a5 0-1

[Event "SB-2015-0-00419"]
[Site "LSS email"]
[Date "2015.07.25"]
[Round "?"]
[White "Itter, Erik"]
[Black "De Waele, Willy"]
[Result "1-0"]
[WhiteElo "1891"]
[BlackElo "2081"]
[PlyCount "45"]
[EventDate "2015.06.20"]
[EventType "tourn (corr)"]
[EventRounds "6"]
[EventCountry "GER"]
[SourceTitle "Corr 2022"]
[Source "ChessBase"]
[SourceDate "2021.10.24"]
[SourceVersion "1"]
[SourceVersionDate "2021.10.24"]
[SourceQuality "1"]

1. d4 d5 2. c4 c6 3. Nc3 Nf6 4. e3 e6 5. b3 Bb4 6. Bb2 Ne4 7. Qc2 e5 8. a3 Bxc3+ 9. Bxc3 Nxc3 10. Qxc3 dxc4 11. dxe5 cxb3 12. Bc4 b2 13. Qxb2 Qa5+ 14. Ke2 Nd7 15. f4 0-0 16. Qb4 Qc7 17. Nf3 Nb6 18. Rad1 Bg4 19. Ba2 c5 20. Qa5 Qe7 21. Rd6 Nc8 22. Rd2 Nb6 23. Rc2 1-0

[Event "SB-2015-0-00418"]
[Site "LSS email"]
[Date "2015.07.24"]
[Round "?"]
[White "De Waele, Willy"]
[Black "Korinek, Jaroslav"]
[Result "1-0"]
[WhiteElo "2090"]
[BlackElo "1878"]
[PlyCount "43"]
[EventDate "2015.06.17"]
[EventType "tourn (corr)"]
[EventRounds "6"]
[EventCountry "GER"]
[SourceTitle "Corr 2022"]
[Source "ChessBase"]
[SourceDate "2021.10.24"]
[SourceVersion "1"]
[SourceVersionDate "2021.10.24"]
[SourceQuality "1"]

1. e4 e5 2. Nf3 Nc6 3. Bb5 a6 4. Ba4 Nf6 5. 0-0 Be7 6. Re1 b5 7. Bb3 0-0 8. c3 d6 9. h3 Bb7 10. d4 h6 11. Nbd2 exd4 12. cxd4 Nb4 13. Qe2 c5 14. a3 Nc6 15. dxc5 dxc5 16. e5 Nd7 17. Bc2 Re8 18. e6 fxe6 19. Qxe6+ Kh8 20. Qf5 Nf8 21. Nb3 c4 22. Bxh6 1-0

[Event "SB-2015-0-00418"]
[Site "LSS email"]
[Date "2015.07.23"]
[Round "?"]
[White "Ilyin, Igor"]
[Black "De Waele, Willy"]
[Result "1-0"]
[WhiteElo "1981"]
[BlackElo "2090"]
[PlyCount "29"]
[EventDate "2015.06.17"]
[EventType "tourn (corr)"]
[EventRounds "6"]
[EventCountry "GER"]
[SourceTitle "Corr 2022"]
[Source "ChessBase"]
[SourceDate "2021.10.24"]
[SourceVersion "1"]
[SourceVersionDate "2021.10.24"]
[SourceQuality "1"]

1. e4 c5 2. Nf3 d6 3. d4 cxd4 4. Nxd4 Nf6 5. Nc3 a6 6. Be3 e5 7. Nb3 Be6 8. f3 h5 9. Nd5 Bxd5 10. exd5 Nbd7 11. Qd2 g6 12. Be2 Bg7 13. 0-0 b6 14. Rac1 0-0 15. Rfd1 1-0

[Event "RA-2015-0-00398"]
[Site "LSS email"]
[Date "2015.07.08"]
[Round "?"]
[White "De Waele, Willy"]
[Black "Susla, Vitaliy"]
[Result "1/2-1/2"]
[WhiteElo "2081"]
[BlackElo "2322"]
[PlyCount "38"]
[EventDate "2015.06.20"]
[EventType "tourn (corr)"]
[EventRounds "6"]
[EventCountry "GER"]
[SourceTitle "Corr 2022"]
[Source "ChessBase"]
[SourceDate "2021.10.24"]
[SourceVersion "1"]
[SourceVersionDate "2021.10.24"]
[SourceQuality "1"]

1. e4 c5 2. Nf3 d6 3. d4 cxd4 4. Nxd4 Nf6 5. Nc3 a6 6. Bg5 Nbd7 7. f4 Qc7 8. Qf3 b5 9. 0-0-0 Bb7 10. Bd3 g6 11. Rhe1 Bg7 12. Nd5 Nxd5 13. exd5 Bf6 14. Qe2 Bxd5 15. Bxb5 0-0 16. Bxd7 Qxd7 17. Bxf6 exf6 18. Nb3 Rfe8 19. Qd2 Rxe1 1/2-1/2

[Event "RA-2015-0-00398"]
[Site "LSS email"]
[Date "2015.07.08"]
[Round "?"]
[White "Kolanek, Roman"]
[Black "De Waele, Willy"]
[Result "1/2-1/2"]
[WhiteElo "2106"]
[BlackElo "2081"]
[PlyCount "49"]
[EventDate "2015.06.20"]
[EventType "tourn (corr)"]
[EventRounds "6"]
[EventCountry "GER"]
[SourceTitle "Corr 2022"]
[Source "ChessBase"]
[SourceDate "2021.10.24"]
[SourceVersion "1"]
[SourceVersionDate "2021.10.24"]
[SourceQuality "1"]

1. d4 d5 2. c4 c6 3. Nf3 Nf6 4. e3 e6 5. Nc3 Nbd7 6. Bd3 dxc4 7. Bxc4 b5 8. Be2 Bb7 9. 0-0 a6 10. e4 c5 11. e5 Nd5 12. a4 b4 13. Nxd5 Bxd5 14. Be3 Be7 15. Rc1 Qa5 16. dxc5 Bxc5 17. Nd4 0-0 18. Bc4 Bxd4 19. Qxd4 Bxc4 20. Rxc4 Rfd8 21. f4 Nf8 22. Qc5 Qxa4 23. Qxb4 Qa2 24. Bd4 Rac8 25. Rxc8 1/2-1/2

[Event "RA-2015-0-00397"]
[Site "LSS email"]
[Date "2015.07.07"]
[Round "?"]
[White "Stancl, Vladimir"]
[Black "De Waele, Willy"]
[Result "1-0"]
[WhiteElo "1961"]
[BlackElo "2092"]
[PlyCount "49"]
[EventDate "2015.06.12"]
[EventType "tourn (corr)"]
[EventRounds "6"]
[EventCountry "GER"]
[SourceTitle "Corr 2022"]
[Source "ChessBase"]
[SourceDate "2021.10.24"]
[SourceVersion "1"]
[SourceVersionDate "2021.10.24"]
[SourceQuality "1"]

1. d4 d5 2. c4 e6 3. Nc3 Nf6 4. Nf3 c6 5. e3 Nbd7 6. Bd3 dxc4 7. Bxc4 b5 8. Bd3 a6 9. a4 b4 10. Ne4 c5 11. Nxf6+ Nxf6 12. 0-0 Bb7 13. Qe2 cxd4 14. Rd1 Qd5 15. e4 Nxe4 16. Bc4 Qc5 17. Rxd4 Nf6 18. Bd2 Be7 19. Bxb4 Qc7 20. Bxe7 Qxe7 21. Rad1 0-0 22. Ne5 Nd5 23. Bd3 g6 24. Bc4 Rad8 25. Bxa6 1-0

[Event "RA-2015-0-00397"]
[Site "LSS email"]
[Date "2015.07.05"]
[Round "?"]
[White "De Waele, Willy"]
[Black "Geiger, Walter"]
[Result "1-0"]
[WhiteElo "2092"]
[BlackElo "2254"]
[PlyCount "79"]
[EventDate "2015.06.12"]
[EventType "tourn (corr)"]
[EventRounds "6"]
[EventCountry "GER"]
[SourceTitle "Corr 2022"]
[Source "ChessBase"]
[SourceDate "2021.10.24"]
[SourceVersion "1"]
[SourceVersionDate "2021.10.24"]
[SourceQuality "1"]

1. e4 e5 2. Nf3 Nc6 3. Bb5 Nf6 4. Nc3 Bb4 5. 0-0 0-0 6. d3 d6 7. Bg5 Bxc3 8. bxc3 Qe7 9. Re1 Nd8 10. d4 Bg4 11. h3 Bh5 12. g4 Bg6 13. d5 c6 14. Bf1 Rc8 15. c4 b6 16. Nd2 Nb7 17. Bd3 Nc5 18. Qf3 Ncd7 19. Nf1 h6 20. Bh4 Bh7 21. Qg2 cxd5 22. cxd5 Rc3 23. f3 Rfc8 24. Reb1 Nc5 25. Qe2 Qc7 26. Ne3 Nxd3 27. cxd3 Nd7 28. Be1 Ra3 29. Nc4 Ra4 30. Rc1 Nc5 31. Nb2 Ra3 32. Bb4 Ra6 33. Kg2 Qb7 34. Nc4 Rd8 35. Bxc5 bxc5 36. a4 Bg6 37. Rcb1 Qc8 38. Qb2 f6 39. Qb7 h5 40. a5 1-0

[Event "RA-2015-0-00396"]
[Site "LSS email"]
[Date "2015.07.03"]
[Round "?"]
[White "Nowak, Ireneusz"]
[Black "De Waele, Willy"]
[Result "1-0"]
[WhiteElo "2204"]
[BlackElo "2071"]
[PlyCount "51"]
[EventDate "2015.05.25"]
[EventType "tourn (corr)"]
[EventRounds "6"]
[EventCountry "GER"]
[SourceTitle "Corr 2022"]
[Source "ChessBase"]
[SourceDate "2021.10.24"]
[SourceVersion "1"]
[SourceVersionDate "2021.10.24"]
[SourceQuality "1"]

1. e4 c5 2. Nf3 d6 3. d4 cxd4 4. Nxd4 Nf6 5. Nc3 a6 6. Bc4 e6 7. Bb3 b5 8. 0-0 Be7 9. f4 0-0 10. e5 dxe5 11. fxe5 Nfd7 12. Qh5 Qc7 13. Nf3 Bb7 14. Bf4 Nc5 15. Rae1 b4 16. Na4 Nxa4 17. Bxa4 Nd7 18. Ng5 Bxg5 19. Qxg5 Nc5 20. Bb3 a5 21. Qh4 Rfd8 22. Bg5 Rd7 23. Bc4 Qc6 24. Rf3 Ne4 25. Bd3 Nxg5 26. Qxg5 1-0

[Event "SB-2015-0-00417"]
[Site "LSS email"]
[Date "2015.07.01"]
[Round "?"]
[White "Kudr, Roman"]
[Black "De Waele, Willy"]
[Result "1/2-1/2"]
[WhiteElo "2187"]
[BlackElo "2090"]
[PlyCount "55"]
[EventDate "2015.06.13"]
[EventType "tourn (corr)"]
[EventRounds "6"]
[EventCountry "GER"]
[SourceTitle "Corr 2022"]
[Source "ChessBase"]
[SourceDate "2021.10.24"]
[SourceVersion "1"]
[SourceVersionDate "2021.10.24"]
[SourceQuality "1"]

1. d4 d5 2. Nf3 Nf6 3. c4 c6 4. Qb3 dxc4 5. Qxc4 Bf5 6. g3 e6 7. Bg2 Nbd7 8. 0-0 Be7 9. Nc3 0-0 10. Re1 Ne4 11. Qb3 Qb6 12. Nh4 Bxh4 13. Nxe4 Be7 14. Rd1 Rfd8 15. Bf4 Bxe4 16. Bxe4 Qxb3 17. axb3 f5 18. Bc2 Nf6 19. Bc7 Rd7 20. Ba5 Nd5 21. e4 fxe4 22. Bxe4 Nc7 23. Bc3 Bf6 24. Bd3 Nb5 25. Bxb5 cxb5 26. Re1 Kf7 27. Re4 h6 28. Kg2 1/2-1/2

[Event "SA-2015-0-00475"]
[Site "LSS email"]
[Date "2015.06.28"]
[Round "?"]
[White "De Waele, Willy"]
[Black "Khanas, Valeriy"]
[Result "1/2-1/2"]
[WhiteElo "2080"]
[BlackElo "2296"]
[PlyCount "152"]
[EventDate "2015.06.03"]
[EventType "tourn (corr)"]
[EventRounds "6"]
[EventCountry "GER"]
[SourceTitle "Corr 2022"]
[Source "ChessBase"]
[SourceDate "2021.10.24"]
[SourceVersion "1"]
[SourceVersionDate "2021.10.24"]
[SourceQuality "1"]

1. e4 e5 2. Nf3 Nc6 3. Bb5 a6 4. Ba4 Nf6 5. 0-0 Be7 6. Re1 b5 7. Bb3 d6 8. c3 0-0 9. h3 Nb8 10. d4 Nbd7 11. c4 c6 12. Nc3 b4 13. Na4 c5 14. d5 a5 15. a3 Re8 16. Bc2 Nh5 17. Bd2 Nf4 18. b3 Ng6 19. Nb2 Nb6 20. Ra2 Qc7 21. Qe2 Bd7 22. Nd1 Bf6 23. Ne3 Nf4 24. Qf1 g6 25. Rea1 Bg7 26. Nd1 Reb8 27. Rb1 Qc8 28. Kh1 Ra6 29. Ng1 Rba8 30. Ne3 R8a7 31. Re1 Na8 32. Bd1 Nc7 33. a4 Ne8 34. Kh2 Nf6 35. g3 Nxe4 36. gxf4 Nxd2 37. Rxd2 exf4 38. Ng2 Bc3 39. Rde2 Bxe1 40. Rxe1 Qd8 41. Nxf4 Qf6 42. Nfe2 Be8 43. Nc3 Re7 44. Nb5 Bd7 45. Rxe7 Qxe7 46. Qd3 Qe5+ 47. Qg3 Qxg3+ 48. fxg3 h6 49. Ne2 f5 50. Bc2 g5 51. Nc7 Rb6 52. Ne6 Bxa4 53. bxa4 b3 54. Bxf5 Rb4 55. Nc3 Rxc4 56. Nb5 Rc2+ 57. Kg1 Kf7 58. Kf1 Kf6 59. g4 Ra2 60. Ke1 Rh2 61. Nxd6 Ke5 62. Nc4+ Kxd5 63. Ne3+ Kd6 64. Nd8 Rxh3 65. Kd2 Rh2+ 66. Kd3 h5 67. Nc4+ Ke7 68. Nc6+ Kf6 69. Kc3 h4 70. Kxb3 Rh3+ 71. Kc2 Rg3 72. Nd2 Rg2 73. Kd1 h3 74. Nf1 c4 75. Nxa5 c3 76. Nb3 h2 1/2-1/2

[Event "SB-2015-0-00414"]
[Site "LSS email"]
[Date "2015.06.18"]
[Round "?"]
[White "De Waele, Willy"]
[Black "Yarkov, Evgeny"]
[Result "0-1"]
[WhiteElo "2071"]
[BlackElo "2024"]
[PlyCount "32"]
[EventDate "2015.04.28"]
[EventType "tourn (corr)"]
[EventRounds "6"]
[EventCountry "GER"]
[SourceTitle "Corr 2022"]
[Source "ChessBase"]
[SourceDate "2021.10.24"]
[SourceVersion "1"]
[SourceVersionDate "2021.10.24"]
[SourceQuality "1"]

1. e4 c5 2. Nf3 Nc6 3. Nc3 Nf6 4. Bb5 Qc7 5. 0-0 Nd4 6. Re1 a6 7. Bf1 Ng4 8. g3 Nxf3+ 9. Qxf3 Ne5 10. Qe2 e6 11. b3 d6 12. Bb2 Be7 13. f4 Nd7 14. Qg4 Rg8 15. Bg2 g6 16. e5 dxe5 0-1

[Event "SB-2015-0-00414"]
[Site "LSS email"]
[Date "2015.06.18"]
[Round "?"]
[White "Hammerschmidt, Volker"]
[Black "De Waele, Willy"]
[Result "1-0"]
[WhiteElo "2043"]
[BlackElo "2071"]
[PlyCount "59"]
[EventDate "2015.04.28"]
[EventType "tourn (corr)"]
[EventRounds "6"]
[EventCountry "GER"]
[SourceTitle "Corr 2022"]
[Source "ChessBase"]
[SourceDate "2021.10.24"]
[SourceVersion "1"]
[SourceVersionDate "2021.10.24"]
[SourceQuality "1"]

1. e4 c5 2. Nf3 d6 3. d4 cxd4 4. Nxd4 Nf6 5. Nc3 a6 6. Be3 e5 7. Nb3 Be6 8. f3 h5 9. Qd2 Nbd7 10. Nd5 Bxd5 11. exd5 g6 12. Be2 Bg7 13. 0-0 b6 14. c4 0-0 15. Rae1 Re8 16. Kh1 Rc8 17. Bg5 Qc7 18. Bd3 Nh7 19. Be3 Nhf6 20. Rc1 Qb7 21. Be4 Kh7 22. Bb1 Rc7 23. g4 Rec8 24. g5 Ng8 25. Qe2 Ne7 26. Nd2 Kg8 27. b3 b5 28. Bd3 Qb8 29. Rb1 Rb7 30. Bf2 1-0

[Event "RB-2015-0-00281"]
[Site "LSS email"]
[Date "2015.06.11"]
[Round "?"]
[White "Ederer, Karel"]
[Black "De Waele, Willy"]
[Result "0-1"]
[WhiteElo "1974"]
[BlackElo "2071"]
[PlyCount "72"]
[EventDate "2015.04.17"]
[EventType "tourn (corr)"]
[EventRounds "6"]
[EventCountry "GER"]
[SourceTitle "Corr 2022"]
[Source "ChessBase"]
[SourceDate "2021.10.24"]
[SourceVersion "1"]
[SourceVersionDate "2021.10.24"]
[SourceQuality "1"]

1. e4 c5 2. Nf3 d6 3. d4 cxd4 4. Nxd4 Nf6 5. Nc3 a6 6. h3 e5 7. Nde2 h5 8. Bg5 Be7 9. Qd2 Be6 10. Ng3 Nbd7 11. 0-0-0 Qa5 12. a3 b5 13. Kb1 Rb8 14. f3 b4 15. Na2 Qa4 16. Nxb4 a5 17. Na6 Qxa3 18. c4 Rb7 19. Nc7+ Kd8 20. Bxf6 gxf6 21. Nxe6+ fxe6 22. Ne2 Nc5 23. Nc3 Kd7 24. Nb5 Qa4 25. Nc3 Qb3 26. Qc2 Qb4 27. Na2 Qa3 28. Nc3 Rb3 29. Nb5 Qb4 30. Qd2 Qa4 31. Qc2 h4 32. Be2 Rg8 33. Bf1 Ke8 34. Qd2 Bf8 35. Rg1 Kf7 36. Be2 Rb4 0-1

[Event "RB-2015-0-00278"]
[Site "LSS email"]
[Date "2015.05.03"]
[Round "?"]
[White "Kolanek, Roman"]
[Black "De Waele, Willy"]
[Result "1/2-1/2"]
[WhiteElo "2045"]
[BlackElo "2197"]
[PlyCount "49"]
[EventDate "2015.03.03"]
[EventType "tourn (corr)"]
[EventRounds "6"]
[EventCountry "GER"]
[SourceTitle "Corr 2022"]
[Source "ChessBase"]
[SourceDate "2021.10.24"]
[SourceVersion "1"]
[SourceVersionDate "2021.10.24"]
[SourceQuality "1"]

1. e4 c5 2. Nf3 d6 3. d4 cxd4 4. Nxd4 Nf6 5. Nc3 a6 6. Be3 e5 7. Nb3 Be6 8. f3 h5 9. Nd5 Bxd5 10. exd5 Nbd7 11. Qd2 g6 12. Be2 Bg7 13. c4 e4 14. 0-0 0-0 15. Rfe1 Re8 16. Nd4 Ne5 17. Rad1 exf3 18. gxf3 Rc8 19. b3 b5 20. cxb5 Nxd5 21. Bf2 Qf6 22. b6 Nc3 23. b7 Rc7 24. Rc1 Nxe2+ 25. Rxe2 1/2-1/2

[Event "RB-2015-0-00278"]
[Site "LSS email"]
[Date "2015.05.02"]
[Round "?"]
[White "Carroll, Patrick"]
[Black "De Waele, Willy"]
[Result "1/2-1/2"]
[WhiteElo "2114"]
[BlackElo "2197"]
[PlyCount "140"]
[EventDate "2015.03.03"]
[EventType "tourn (corr)"]
[EventRounds "6"]
[EventCountry "GER"]
[SourceTitle "Corr 2022"]
[Source "ChessBase"]
[SourceDate "2021.10.24"]
[SourceVersion "1"]
[SourceVersionDate "2021.10.24"]
[SourceQuality "1"]

1. d4 d5 2. c4 c6 3. Nf3 Nf6 4. e3 e6 5. Bd3 Nbd7 6. 0-0 dxc4 7. Bxc4 Bd6 8. b3 e5 9. Nc3 0-0 10. Qc2 Qe7 11. h3 a5 12. a4 Re8 13. Ng5 Rf8 14. Nce4 Nxe4 15. Nxe4 Bb4 16. Bd2 exd4 17. exd4 Bxd2 18. Nxd2 Nb6 19. Rfe1 Qd6 20. Qc3 Rd8 21. Re5 Nxc4 22. Nxc4 Qb4 23. Qxb4 axb4 24. Nb6 Rb8 25. Nxc8 Rdxc8 26. Rc5 Rd8 27. Rc4 Kf8 28. Rxb4 Ke7 29. f3 Rd5 30. a5 Kd6 31. Kf2 Kc7 32. Rc4 Rd6 33. Re1 b5 34. axb6+ Rxb6 35. b4 Rd8 36. Re5 Kd6 37. Rf5 Ke6 38. Rh5 h6 39. Re5+ Kd6 40. Ke3 g6 41. Kd3 f6 42. Rec5 h5 43. d5 cxd5 44. Rd4 Ke5 45. b5 g5 46. g3 Ke6 47. Ke3 Rb7 48. Rb4 Ra8 49. Rc6+ Ke7 50. Kd4 Ra3 51. b6 Rxf3 52. Kxd5 Rf5+ 53. Kc4 Kd7 54. Rc5 Rf3 55. Rb1 Rb8 56. Rd1+ Ke8 57. Rc6 Rxg3 58. Rxf6 Ke7 59. Rh6 Re3 60. Rg1 Re5 61. Rh7+ Kd6 62. Rd1+ Ke6 63. b7 g4 64. Rh6+ Ke7 65. h4 g3 66. Rg1 Re4+ 67. Kc5 Re3 68. Rh7+ Kf6 69. Rf1+ Kg6 70. Rff7 Rc3+ 1/2-1/2

[Event "RA-2015-0-00374"]
[Site "LSS email"]
[Date "2015.01.22"]
[Round "?"]
[White "Willmann, Bernd"]
[Black "De Waele, Willy"]
[Result "1/2-1/2"]
[WhiteElo "2240"]
[BlackElo "2178"]
[PlyCount "82"]
[EventDate "2015.01.03"]
[EventType "tourn (corr)"]
[EventRounds "6"]
[EventCountry "GER"]
[SourceTitle "Corr 2022"]
[Source "ChessBase"]
[SourceDate "2021.10.24"]
[SourceVersion "1"]
[SourceVersionDate "2021.10.24"]
[SourceQuality "1"]

1. d4 d5 2. c4 c6 3. Nf3 Nf6 4. Nc3 e6 5. e3 Nbd7 6. Qc2 Bd6 7. Bd3 0-0 8. 0-0 dxc4 9. Bxc4 b5 10. Bd3 Bb7 11. a3 h6 12. e4 e5 13. h3 a6 14. Be3 Qc7 15. Nxe5 Nxe5 16. dxe5 Bxe5 17. f4 Bxc3 18. Qxc3 Rfe8 19. e5 Nd5 20. Qc5 Nxe3 21. Qxe3 c5 22. Rac1 c4 23. b3 Bd5 24. Rf2 Qc6 25. bxc4 bxc4 26. Rfc2 Rac8 27. Bxc4 Bxc4 28. Qd4 Red8 29. Rxc4 Rxd4 30. Rxc6 Rxc6 31. Rxc6 Ra4 32. Rc8+ Kh7 33. Rf8 Kg6 34. g3 h5 35. Kf2 h4 36. Kg2 Rxa3 37. g4 Ra2+ 38. Kf1 Ra1+ 39. Kg2 Ra2+ 40. Kf1 Ra1+ 41. Kg2 Ra2+ 1/2-1/2